Origine de l'homme et des sociétés / (Record no. 164066)

MARC details
000 -LEADER
campo de control de longitud fija 00659nam a22001935i 4500
001 - NÚMERO DE CONTROL
campo de control 164066
003 - IDENTIFICADOR DE NÚMERO DE CONTROL
campo de control ES-MaACL
005 - FECHA Y HORA DE LA ÚLTIMA TRANSACCIÓN
campo de control 20251005063128.0
008 - DATOS DE LONGITUD FIJA--INFORMACIÓN GENERAL
campo de control de longitud fija 981222s1870 fr |||| | fre d
100 1# - ENTRADA PRINCIPAL--NOMBRE DE PERSONA
Nombre de persona Royer, Clémence,
Fechas asociadas al nombre 1830-1902
9 (RLIN) 132134
245 10 - MENCIÓN DEL TÍTULO
Título Origine de l'homme et des sociétés /
Mención de responsabilidad, etc. Clémence Royer.
260 ## - PUBLICACIÓN, DISTRIBUCIÓN, ETC.
Lugar de publicación, distribución, etc. Paris :
Nombre del editor, distribuidor, etc. Guillaumin et Cie. :
-- Victor Masson et fils,
Fecha de publicación, distribución, etc. 1870 (
Lugar de fabricación/manufactura Saint-Denis :
Fabricante Typ. de A. Moulin)
300 ## - DESCRIPCIÓN FÍSICA
Extensión XXIV, 591 p. ;
Dimensiones 22 cm.
597 ## - NOTA DE DESCRIPCIÓN FÍSICA
NOTA DE DESCRIPCIÓN FÍSICA Antep.
650 #4 - PUNTO DE ACCESO ADICIONAL DE MATERIA--TÉRMINO DE MATERIA
Término de materia o nombre geográfico como elemento de entrada Hombre-
Subdivisión general Origen.
9 (RLIN) 13452
650 #4 - PUNTO DE ACCESO ADICIONAL DE MATERIA--TÉRMINO DE MATERIA
Término de materia o nombre geográfico como elemento de entrada Sociedad primitiva.
9 (RLIN) 17177
852 ## - LOCALIZACIÓN
Ubicación ES-MaACL
Número de control de estantería G-12156
Nota libre - Enc. hol.
Holdings
Estatus retirado Estado de pérdida Estado de daño No para préstamo Colección Biblioteca de origen Biblioteca actual Ubicación en estantería Fecha de adquisición Fuente de adquisición Total de préstamos Signatura topográfica completa Código de barras Visto por última vez Precio de reemplazo Tipo de ítem Koha
        Libros del s. XIX Biblioteca del Ateneo de Madrid Biblioteca del Ateneo de Madrid Sala Pecera Planta 3 17/01/2008     G-12156 1171950 23/02/2023 23/02/2023 Libro impreso antiguo